NATO Countries - Statistics

General Stats
  • This quiz has been taken 65 times
  • The average score is 26 of 28
Answer Stats
Country % Correct
France
100%
Spain
100%
United Kingdom
100%
United States
100%
Germany
98%
Denmark
97%
Netherlands
97%
Portugal
97%
Belgium
95%
Italy
95%
Poland
94%
Canada
92%
Greece
92%
Norway
91%
Bulgaria
89%
Croatia
89%
Hungary
89%
Turkey
89%
Latvia
88%
Slovakia
88%
Slovenia
88%
Albania
86%
Czech Republic
86%
Lithuania
86%
Romania
86%
Estonia
84%
Iceland
81%
Luxembourg
75%
No matching quizzes found
Score Distribution
Percent of People with Each Score
Percentile by Number Answered
Your Score History
You have not taken this quiz